| 000 | 01044nam a22002415i 4500 | ||
|---|---|---|---|
| 001 | 175228 | ||
| 003 | ES-MaACL | ||
| 005 | 20250814225825.0 | ||
| 008 | 101015s1963 sp |||| | spa d | ||
| 080 | _a82-93.09 | ||
| 100 | 0 |
_aPetrini, Enzo. _9143622 |
|
| 245 | 1 | 0 |
_aEstudio crítico de la literatura juvenil / _cEnzo Petrini ; apéndice Actualidad del cuento infantil en España por María Josefa Sirvent del Otero ; [traducción de Manuel Carrión Gútiez]. |
| 260 |
_aMadrid : _bRialp, _c1963. |
||
| 300 |
_a220 p. ; _c22 cm. |
||
| 490 | 1 |
_aBiblioteca de Educación y Ciencias Sociales. Serie Investigaciones y ensayos ; _v4 |
|
| 594 | _aTít. original: Avviamento critico alla letteratura giovanile. | ||
| 650 | 4 |
_aLiteratura infantil- _xHistoria y crítica. _914620 |
|
| 700 | 1 |
_aSirvent del Otero, María Josefa. _9143623 |
|
| 700 | 0 |
_aCarrión Gútiez, Manuel. _935810 |
|
| 830 | 0 | 0 |
_aBiblioteca de educación y ciencias sociales _v4 _9231016 |
| 852 |
_aES-MaACL _jE-13389 _xOlim P-478-Ter |
||
| 999 |
_c175228 _d175228 |
||